Las asociaciones de fieles
Na minha lista:
| Autor principal: | |
|---|---|
| Formato: | Livro |
| Idioma: | espanhol |
| Publicado em: |
Barcelona
Herder
1994
|
| Edição: | 3a. ed |
| Colecção: | Col-Lectánia Sant Paciá, 37
|
| Assuntos: | |
| Tags: |
Adicionar Tag
Sem tags, seja o primeiro a adicionar uma tag!
|
MARC
| LEADER | 00000nam a2200000 a 4500 | ||
|---|---|---|---|
| 001 | UCR7216 | ||
| 003 | CL-VaPUC | ||
| 008 | 980514e19940000SP |||||||||||||||||spa|d | ||
| 082 | 0 | 4 | |a 262.9 |b MAR |2 21 |
| 100 | |a Martínez Sistach, Lluís |e autor |9 408531 | ||
| 245 | 1 | 4 | |a Las asociaciones de fieles |
| 250 | |a 3a. ed | ||
| 300 | |a 170 p | ||
| 942 | |c BK | ||
| 945 | |d 19980514 00:00:00 |a mvenant | ||
| 260 | |a Barcelona |b Herder |c 1994 | ||
| 650 | 0 | |a Laicos |9 255625 | |
| 650 | 7 | |a PRACTICA RELIGIOSA |2 CL-VaPUC |9 408532 | |
| 650 | 7 | |a DERECHO CANONICO |2 CL-VaPUC |9 408533 | |
| 651 | 0 | |a España |9 254926 | |
| 583 | |a last modification |c 19980514 00:00:00 |k Rodrigo Vera | ||
| 490 | 0 | |a Col-Lectánia Sant Paciá, 37 | |
| 999 | |c 268989 |d 268987 | ||
| 952 | |0 0 |1 0 |4 0 |6 262_900000000000000_MAR_1994 |7 0 |8 A |9 302557 |a BIBDER |b BIBDER |d 2019-11-20 |i 3424537 |o 262.9 MAR 1994 |p 3424537 |r 2023-01-25 |w 2019-11-20 |y BK |k DER | ||